<?xml version="1.0" encoding="UTF-8"?>
<record
    xmlns:xsi="http://www.w3.org/2001/XMLSchema-instance"
    xsi:schemaLocation="http://www.loc.gov/MARC21/slim http://www.loc.gov/standards/marcxml/schema/MARC21slim.xsd"
    xmlns="http://www.loc.gov/MARC21/slim">

  <leader>01095nam a2200169Ia 4500</leader>
  <controlfield tag="008">120626s9999    xx            000 0 und d</controlfield>
  <datafield tag="020" ind1=" " ind2=" ">
    <subfield code="a">84-481-4624-7</subfield>
  </datafield>
  <datafield tag="050" ind1=" " ind2=" ">
    <subfield code="a">QA76.5 P75 2006</subfield>
  </datafield>
  <datafield tag="100" ind1=" " ind2=" ">
    <subfield code="a">PRIETO ESPINOSA, Alberto</subfield>
  </datafield>
  <datafield tag="245" ind1=" " ind2=" ">
    <subfield code="a">Introducci&#xF3;n a la inform&#xE1;tica / Alberto Prieto Espinosa, Antonio Lloris Ruiz y Juan Carlos Torres Cantero ; edici&#xF3;n: Carmelo S&#xE1;nchez Gonz&#xE1;lez</subfield>
  </datafield>
  <datafield tag="250" ind1=" " ind2=" ">
    <subfield code="a">4</subfield>
  </datafield>
  <datafield tag="260" ind1=" " ind2=" ">
    <subfield code="a">Espa&#xF1;a : McGraw-Hill</subfield>
  </datafield>
  <datafield tag="300" ind1=" " ind2=" ">
    <subfield code="a">xxii, 808 p. : il., fot., diagrs., gr&#xE1;ficas, tablas ; 25 cm.</subfield>
  </datafield>
  <datafield tag="500" ind1=" " ind2=" ">
    <subfield code="a">Contiene: &#xED;ndice anal&#xED;tico \ Cada cap&#xED;tulo incluye: conclusi&#xF3;n, ejercicios y bibliograf&#xED;a \ Ap&#xE9;ndices: A. Sistemas de numeraci&#xF3;n usuales en inform&#xE1;tica B. Algunas medidas de uso com&#xFA;n en inform&#xE1;tica C. Principales c&#xF3;digos de entrada/salida D. Principales </subfield>
  </datafield>
  <datafield tag="650" ind1=" " ind2=" ">
    <subfield code="a">COMPUTADORAS ELECTR&#xD3;NICAS DIGITALES \ PROCESAMIENTO DE PALABRAS \ INFORM&#xC1;TICA - HISTORIA \ ALGORITMO \ LENGUAJES DE PROGRAMACI&#xD3;N \ REDES - COMPUTADORA - INTERNET</subfield>
  </datafield>
  <datafield tag="700" ind1=" " ind2=" ">
    <subfield code="a">LLORIS RUIZ, Antonio (coaut.) \ TORRES CANTERO, Juan Carlos (coaut.) \ S&#xC1;NCHEZ GONZ&#xC1;LEZ, Carmelo (ed.)&#xCC;</subfield>
  </datafield>
  <datafield tag="952" ind1=" " ind2=" ">
    <subfield code="0">0</subfield>
    <subfield code="1">0</subfield>
    <subfield code="2">ddc</subfield>
    <subfield code="4">0</subfield>
    <subfield code="7">0</subfield>
    <subfield code="a">22</subfield>
    <subfield code="b">22</subfield>
    <subfield code="d">2010-11-29</subfield>
    <subfield code="l">1</subfield>
    <subfield code="o">QA76.5 P75 2006</subfield>
    <subfield code="p">17 001085</subfield>
    <subfield code="r">2023-08-01</subfield>
    <subfield code="s">2015-03-04</subfield>
    <subfield code="t">1</subfield>
    <subfield code="w">2012-06-26</subfield>
    <subfield code="y">LB</subfield>
    <subfield code="f"></subfield>
  </datafield>
  <datafield tag="999" ind1=" " ind2=" ">
    <subfield code="c">73667</subfield>
    <subfield code="d">73667</subfield>
  </datafield>
</record>
